000 00455cam a2200193ua 4500
001 8805
008 150214n ii |||gr||||Z||||||eng
040 _cMAIN
041 _aeng
082 _a822
100 _aSharma, R. N.,
_eAuthor.
245 _aHarold Pinter the birthday party
_cBy R. N. Sharma
250 _a1st.
260 _aAgra:
_bLakshmi,
_c1998.
300 _a224p.
653 _aEnglish drama
653 _aHarold pinter drama
942 _cBK
999 _c7899
_d7899